[Event "Madrid Magistral 7th"]
[Site "Madrid"]
[Date "1998.05.12"]
[Round "2"]
[White "Anand, Viswanathan"]
[Black "Krasenkow, Michal"]
[Result "1-0"]
[WhiteElo "2770"]
[BlackElo "2660"]
[Annotator "Hansen,Cu"]
[PlyCount "87"]
[EventDate "1998.05.11"]
[EventType "tourn"]
[EventRounds "9"]
[EventCountry "ESP"]
[EventCategory "17"]
[SourceTitle "CBM 065"]
[Source "ChessBase"]
[SourceDate "1998.08.06"]
[SourceVersion "1"]
[SourceVersionDate "1998.08.06"]
[SourceQuality "1"]

1. Nf3 {Hecht Tsesarsky} Nf6 2. c4 c5 3. Nc3 Nc6 4. g3 d5 5. d4 e6 6. cxd5 Nxd5
7. Bg2 cxd4 8. Nxd4 Ndb4 (8... Nxc3 {Tsesarsky} 9. bxc3 Nxd4 10. cxd4 (10. Qxd4
Qxd4 (10... Be7 11. O-O O-O 12. Qxd8 Rxd8 13. Rb1 Bf6 14. c4 Rd4 15. c5 a5 (
15... Rc4 16. Be3 $16) 16. Be3 Rb4 17. a3 Rc4 18. Rfd1 $16 {1-0 Pilnik,
H-Bolbochan,J/Mar del Plata 1945 (39)}) 11. cxd4 Bb4+ 12. Bd2 Bxd2+ 13. Kxd2
Kd8 $1 14. Rab1 (14. Rhc1 Re8 $14) 14... Rb8 15. Rhc1 b6 16. e4 Bb7 17. Ke3 $14
) 10... Bb4+ 11. Bd2 (11. Kf1 O-O 12. Bb2 Qa5 13. Qb3 Rd8 14. h3 Bd7 15. a3 Bd2
16. Be4 Rac8 17. a4 Bc6 18. Bxc6 Rxc6 $15 {1/2-1/2 Tomaszewski,R-Plachetka,J/
Polanica Zdrój 1980 (29)}) 11... Qxd4 12. Rb1 a5 (12... Bxd2+ 13. Qxd2 Qxd2+
14. Kxd2 Rb8 15. Rhc1 Kd8 16. Rb3 $44) 13. Qc2 O-O 14. Bxb4 axb4 15. O-O Qc3
16. Rfc1 Qxc2 17. Rxc2 $11 {1/2-1/2 Georgiev,K-Portisch,L/Biel izt 1993 (20)})
9. Ndb5 (9. Nxc6 Qxd1+ 10. Kxd1 Nxc6 (10... bxc6 11. Be3 $14) 11. Bxc6+ (11.
Nb5 {Tsesarsky} Kd8 12. Be3 Bd7 13. Rc1 Be7 $132) 11... bxc6 {+/=/= would be
the thematic way to play. The game-continuation is more complicated.}) 9... a6
(9... Qxd1+ {Tsesarsky} 10. Kxd1 Rb8 11. a3 (11. Ne4 Be7 12. Nbd6+ (12. Bf4 $6
e5 13. Bg5 f6 (13... O-O $11) 14. Be3 O-O $15) 12... Bxd6 13. Nxd6+ Ke7 14.
Nxc8+ Rbxc8 $15) 11... Na6 12. Ne4 $1 (12. Be3 $6 Bc5 13. Nc7+ $1 Nxc7 14. Bxc5
$14) 12... e5 (12... Be7 13. Be3 O-O 14. Nxa7 Rd8+ 15. Kc2 $16) 13. Be3 f5 14.
Nd2 Ra8 15. Rc1 Bd7 16. Nc4 $16) (9... Be7 {Tsesarsky} 10. Qxd8+ Bxd8 (10...
Kxd8 11. O-O $16) 11. Nd6+ Ke7 12. Nxc8+ Rxc8 13. O-O $14 (13. Be4 Ba5 14. Bd2
f5 $132)) 10. Qxd8+ Kxd8 11. Na3 e5 (11... Bd7 {Tsesarsky} 12. O-O $14) 12. O-O
(12. Be3 {Tsesarsky} Kc7 13. O-O Be6 {-This game}) 12... Be6 13. Be3 Kc7 14. b3
(14. Rfd1 {Tsesarsky} Rc8 15. Rac1 Nxa2 16. Nxa2 Bxa2 17. Nc4 Bxc4 18. Rxc4 $44
) 14... Rc8 15. Rfc1 Kb8 16. Nc4 Nd4 (16... Bxc4 {Tsesarsky} 17. bxc4 Na5 18.
Nd5 $1 (18. a3 Nbc6 19. Bh3 Rd8 20. Bb6 Rd2 21. Be3 Rd8 $11) 18... Nxc4 (18...
Rxc4 19. Nb6 (19. Bb6 Nbc6 20. Bc7+ Ka7 21. Bb6+ Kb8 22. Bc7+ $11) (19. Nxb4
Bxb4 20. Bd5 Rxc1+ 21. Rxc1 f6 22. Rb1 Rd8 23. Be4 Bc3 $44) 19... Rxc1+ 20.
Rxc1 Bd6 21. Nd7+ Ka8 22. Bb6 Nbc6 (22... Nac6 23. a3 $18) 23. Rd1 (23. Kf1 $5)
23... Nc4 24. Bd5 Nxb6 25. Nxb6+ Ka7 26. Nc4 Nd4 (26... Bc7 27. Bxc6 bxc6 28.
Rd7 Kb7 29. Rxf7 $16) 27. Nxd6 Rd8 28. Bxf7 Rxd6 29. Kg2 $14) 19. Nxb4 Bxb4 (
19... Nxe3 20. Nxa6+ $1 $18) 20. Rcb1 (20. Rab1 a5 $17) 20... a5 21. a3 Nxa3
22. Rxa3 Rc2 (22... Bxa3 23. Rxb7+ Ka8 24. Rb5+ $18) 23. Raa1 Rxe2 24. Be4 Rd8
25. Kf1 $18) 17. Rab1 (17. Nxe5 $6 {Tsesarsky} Ndc2 18. Bf4 Ka7 19. Be3+ Nxe3
20. fxe3 Bd6 $44) 17... Bxc4 (17... f6 {Tsesarsky} 18. Rb2 $1 $14 (18. a3 Nbc6
19. Kf1 (19. Bxd4 Nxd4 20. e3 Nb5 $15) 19... Nxb3 20. Rxb3 Bxc4 21. Rb6 Nd8 22.
Rcb1 Rc7 23. Nd5 Rd7 24. Nb4 Bxb4 25. R6xb4 Bd5 26. Bh3 Rd6 27. Bc5 Rc6 28. Be7
$44)) 18. bxc4 Rxc4 19. Bd2 {White has ^^ and some play in the b-<-> for his P.
Maybe it is enough ~/=} (19. Kf1 {Tsesarsky} f5 $44) 19... b5 (19... Rxc3 {
Tsesarsky} 20. Rxc3 Nxe2+ 21. Kf1 Nxc3 22. Bxc3 a5 23. a3 $16) (19... f5 {
Tsesarsky} 20. e3 (20. Kf1 Bd6 21. e3 Ndc6 22. e4 Nd3 23. Rd1 g6 $15) 20... Nb5
21. Nxb5 Rxc1+ 22. Rxc1 axb5 23. Rb1 Nc6 24. Rxb5 $16) 20. Kf1 (20. e3 {
Tsesarsky} Nxa2 $5 (20... Nd3 21. Rd1 Rxc3 22. exd4 (22. Bxc3 Ne2+ $19) 22...
Ra3 23. Be3 $44) 21. Nxa2 (21. exd4 Nxc1 22. Rxc1 exd4 23. Ne4 Rxc1+ 24. Bxc1
h6 $19) 21... Ne2+ 22. Kf1 Nxc1 23. Nxc1 Bd6 24. Bd5 Rc2 25. Ke1 $132) 20...
Be7 (20... Bd6 {Tsesarsky} 21. Ne4 Rxc1+ 22. Rxc1 Be7 23. e3 Ne6 24. Bc3 $1 f6
25. Bxb4 Bxb4 26. Rc6 Re8 (26... Nc7 27. Nxf6 $1 gxf6 28. Rb6+ Kc8 (28... Ka7
29. Rb7+ Ka8 30. Rxc7+ Kb8 31. Rb7+ Kc8 32. Rf7 $18) 29. Bh3+ Ne6 30. Rxe6 $18)
27. Rxa6 Nc7 28. Rb6+ Ka7 29. Rc6 Na6 30. h4 $14) 21. Rd1 (21. a3 {Tsesarsky}
Nbc2 $17) (21. a4 {Tsesarsky} Rd8 $17) 21... Rd8 22. a4 Ndc2 (22... bxa4 {
Tsesarsky} 23. Bd5 Rc7 24. Bxf7 Rcd7 (24... Ndc2 25. Nd5 Rb7 26. Bc3 Bf6 27.
Nxb4 Rxd1+ 28. Rxd1 Nxb4 (28... Rxf7 29. Nxa6+ Ka7 30. Nc5 Ne3+ $1 31. fxe3
Be7+ 32. Ke1 Bxc5 33. Ra1 a3 34. Bxe5 $11) 29. Bg8 Rb5 $132 (29... a3 30. Ra1 (
30. Bxh7 $132) 30... e4 31. Bxf6 gxf6 32. Rxa3 Ka7 33. Ra4 h6 34. h4 $14)) 25.
Bc1 a5 26. Nxa4 $14) 23. axb5 Rcd4 (23... Na3 $1 {Tsesarsky} 24. Rbc1 (24. Ra1
Nbc2 25. Rac1 Rxd2 $1 $19) 24... Nxb5 25. Ne4 (25. Nxb5 Rxd2 $1 $19) (25. Nd5
Rxc1 26. Bxc1 a5 27. Bb2 f6 $17) 25... Rxc1 (25... Rcd4) 26. Rxc1 f5 27. Bg5
Rd7 28. Bxe7 Rxe7 $17) 24. Ne4 f5 (24... axb5 {Tsesarsky} 25. e3 Rd3 26. Ke2 f5
27. Bxb4 Rxd1 28. Rxd1 Rxd1 29. Kxd1 Nxb4 30. Nc3 $11) 25. e3 R4d5 (25... Rd3 {
Tsesarsky} 26. bxa6 fxe4 27. Ke2 Na3 28. Bxb4 Nxb1 29. Rxb1 Bxb4 30. Rxb4+ Ka7
31. Bxe4 Rd2+ 32. Ke1 $11) 26. bxa6 fxe4 27. Ke2 Na3 $6 (27... Ka7 {Tsesarsky}
28. Bxe4 Kxa6 29. Rb2 Rxd2+ 30. Rxd2 Rxd2+ 31. Kxd2 Na3 32. Rb3 $14) (27... Rb5
{Tsesarsky} 28. Rb2 $14) 28. Ra1 $2 {A gamble} (28. Bxb4 Nxb1 29. Rxb1 Bxb4 30.
Rxb4+ Ka7 31. Rb2 $14 (31. Bxe4 {Tsesarsky} Rd2+ 32. Kf1 (32. Ke1 Rd1+ 33. Ke2
R8d2+ 34. Kf3 Rf1 35. Bb7 Rfxf2+ 36. Ke4 Rxh2 37. Kxe5 Rd3 $15) 32... Rf8 (
32... Kxa6 $11) 33. f3 Kxa6 34. h4 Rc8 (34... h6 35. h5 Rc8 36. Bb7+ Ka5 37.
Bxc8 Kxb4 38. Ke1 Ra2 39. g4 Kc3 40. Bf5 $11) 35. Rb1 (35. Bb7+ Ka5 36. Bxc8
Kxb4 37. h5 (37. Bf5 g6 38. Be4 Rh2 39. Ke1 Kc3 $17) 37... Rh2 38. g4 Kc3 39.
Bf5 Kd2 40. Bxh7 Kxe3 41. Be4 Kf4 42. Kg1 Re2 (42... Kg3 43. Kf1 (43. Bb7 Rf2
44. Be4 Re2 45. Kf1 Rxe4 $19) 43... Rf2+ (43... Rh1+ 44. Ke2 $11) 44. Ke1 $11)
43. Bc6 $11) 35... Rc3 36. Bxh7 Rxe3 37. Be4 Ra3 38. h5 Raa2 39. g4 $11) (31.
Rb7+ Kxa6 32. Rxg7 $4 Rd2+ 33. Ke1 Rd1+ 34. Ke2 R8d2#)) 28... Nbc2 (28... Nxa6
{Tsesarsky} 29. Bxe4 R5d6 30. Bc3 Rxd1 31. Bxe5+ R1d6 32. Rxa3 Ka7 33. Bxd6
Bxd6 34. Ra1 Kb6 (34... Be5 35. Ra5 Bc7 36. Ra1 h6 37. Bd3 Rd6 38. f4 Kb7 39.
Rxa6 Rxa6 40. Bxa6+ Kxa6 41. Kd3 Kb5 42. Ke4 Bb6 43. g4 Kc6 44. h4 Kd6 45. Kf5
(45. h5 Ke6 46. g5 hxg5 47. fxg5 Bc7 48. h6 g6 49. Kd4 Kf5 50. e4+ Kf4 51. Kd5
Be5 52. Ke6 Kxe4 $19) 45... Bxe3 46. Kg6 $11 (46. g5 Kd5 47. gxh6 gxh6 48. Kg4
$11)) 35. Bxh7 $11) (28... Nb5 {Tsesarsky} 29. Bxb4 Bxb4 30. a7+ Nxa7 31. Rxd5
Rxd5 32. Bxe4 Rd2+ 33. Kf3 $15) 29. Rac1 Bb4 (29... Ka7 {Tsesarsky} 30. Bxe4
Rc5 31. Bb4 Rc4 32. Bxe7 Rxd1 33. Kxd1 Rxe4 34. Bxa3 (34. Rxc2 Nxc2 35. Kxc2
Ra4 $17) 34... Nxa3 35. Rc7+ Kxa6 36. Rxg7 $11) (29... Rc5 {Tsesarsky} 30. Bxe4
Rd6 $15) 30. Bxb4 Nxb4 31. Rxd5 Nxd5 (31... Rxd5 {Tsesarsky} 32. Bxe4 Ra5 33.
Bxh7 Nxa6 $15) 32. Bxe4 Nb5 33. Bxh7 Ndc3+ (33... Rd6 {Tsesarsky} 34. Rc5 Ka7
35. Kf3 Kb6 36. Rc8 (36. Rxb5+ Kxb5 37. a7 Rd8 38. Be4 Kc5 $19) 36... Kxa6 37.
Bd3 Nf6 38. Bf5 Kb6 $17) 34. Kf1 Ka7 (34... Rd6 $17 {Tsesarsky}) 35. Ra1 Rd6
36. Kg2 Rxa6 37. Rc1 {Of course black should never lose this position} (37.
Rxa6+ {Tsesarsky} Kxa6 $17) 37... Rc6 $6 (37... Rd6 $15 {[%cal Ya7b6,Yb6c7,
Yc7d8,Yd8e7,Ye7f6] followed by bringing Ka7 to the K-side}) 38. Bd3 Rc7 $4 (
38... Kb6 $17 {Tsesarsky}) 39. Bxb5 Nxb5 40. Rxc7+ Nxc7 {Hecht The offside
position of Black's king as well as the vulnerability of both Black pawns
enable Anand to win easily with his active king. Die Abseitsstellung des
schwarzen Königs sowie die Anfälligleit beider schwarzer Bauern ermöglichen
dem mit einem aktiven König operierenden Anand einen leichten Sieg.} 41. Kf3
$18 Ne6 (41... Kb6 $4 {Tsesarsky} 42. Ke4 Kc6 (42... Kc5 43. Kxe5 Kc4 44. Kf5
Kd3 45. Kg6 Ne8 46. Kf7 Nf6 47. Kxg7 Ng4 48. h4 Nxf2 49. h5 $18) 43. Kxe5 Kd7
44. f4 (44. Kf5 Ke7 45. Kg6 Kf8 46. h4 Nd5 47. g4 Ne7+ 48. Kh7 (48. Kg5 Kf7)
48... Kf7) 44... Ne8 45. g4 Nd6 46. h4 Nc4+ 47. Kd4 Nd6 (47... Nd2 48. h5 Ke6
49. g5 (49. e4 Nf3+ 50. Ke3 Nh2 51. f5+ $1 (51. g5 Nf1+ 52. Kd4 Ng3 53. h6 gxh6
54. gxh6 Kf7 55. f5 Nh5 56. Ke5 Nf6 57. Kf4 Nh7 58. e5 Ke7 59. Kg4 (59. Ke4
Ng5+ 60. Kd5 Nh7 61. f6+ Nxf6+ $11) 59... Kf7 60. Kh5 (60. Kh4 Ke7 61. Kh5 Kf7
$11) 60... Nf8 $11) 51... Ke5 52. g5 Ng4+ 53. Kf3 Nh2+ 54. Kg2 Ng4 55. Kg3 Ne3
56. f6 $1 $18) 49... Kf5 50. Kd5 Ne4 51. h6 gxh6 52. gxh6 Nf6+ 53. Kd6 Kg6 54.
Ke6 Ng4 55. e4 Nxh6 $11) 48. h5 Ke6 49. e4 Nb5+ 50. Ke3 Nd6 51. g5 Nf7 52. f5+
Ke5 53. h6 $1 $18) (41... Ne8 $1 {Tsesarsky} 42. Ke4 Nf6+ 43. Kxe5 Ng4+ 44. Kf5
Nxh2 (44... Nxf2 {Hecht} 45. Kg6 Ng4 46. h4 Nxe3 47. h5 Kb7 48. Kxg7 Nf5+ 49.
Kg6 Nxg3 50. h6 $18) 45. Kg6 (45. e4 Kb7 $13) 45... Ng4 46. Kxg7 Nxf2 47. Kg6
Kb6 48. Kf5 Nd1 $11) 42. Ke4 Ng5+ (42... Kb6 {Tsesarsky} 43. Kxe5 Nf8 44. Kd6
$18) 43. Kf5 Nh3 (43... Nf3 {Tsesarsky} 44. h4 Kb6 45. Ke4 Nh2 46. Kxe5 Ng4+
47. Kf5 Nxf2 48. Kg6 $18) 44. f4 (44. f4 {Tsesarsky} exf4 45. exf4 Kb6 46. Kg6
Kc6 47. Kxg7 Kd7 48. f5 $18) 1-0

[Event "CHN-ch"]
[Site "Xinghua"]
[Date "2017.04.30"]
[Round "7"]
[White "Xu, Yinglun"]
[Black "Wei, Yi"]
[Result "0-1"]
[WhiteElo "2557"]
[BlackElo "2727"]
[Annotator "Havasi,G"]
[PlyCount "96"]
[EventDate "2017.04.23"]
[EventType "tourn"]
[EventRounds "11"]
[EventCountry "CHN"]
[EventCategory "12"]
[SourceTitle "CBM 179"]
[Source "ChessBase"]
[SourceDate "2017.07.12"]
[SourceVersion "1"]
[SourceVersionDate "2017.07.12"]
[SourceQuality "1"]

1. Nf3 d5 2. d4 Nf6 3. c4 e6 4. Nc3 c5 5. cxd5 Nxd5 6. e4 Nxc3 7. bxc3 cxd4 8.
cxd4 Bb4+ 9. Bd2 Bxd2+ 10. Qxd2 O-O 11. Bc4 Nd7 (11... Nc6 {was played by
Lysyj and it was annotated by Shagar Shah in CBM 168} 12. O-O b6 13. Rad1 Na5
14. Bd3 Bb7 15. h4 Rc8 16. h5 h6 17. Rfe1 Qe7 18. d5 Nc4 19. Bxc4 Rxc4 20. Ne5
Rc5 21. d6 Qd8 22. Qf4 f6 23. Ng6 Rf7 24. e5 $36 {1-0 (40) Tomashevsky,E (2747)
-Lysyj,I (2673) Chita 2015 CBM 168 [Sagar Shah]}) 12. O-O b6 13. Rfe1 (13. a4 {
and}) (13. Rad1 {are the main alternatives.}) 13... Bb7 14. a4 (14. Rad1 Rc8
15. Bb3 Qf6 16. Qe3 Rfd8 17. h3 h6 $13 {1/2 (33) Ponomariov,R (2714)-Wang,Y 
(2720) Beijing 2014}) 14... Rc8 15. Bb5 (15. Bd3 {is the other line.}) 15...
Nf6 16. Bd3 h6 17. a5 b5 $146 {This is a novelty.} (17... Qc7 18. axb6 axb6 19.
Rac1 Qb8 20. Rb1 Nd7 21. Qb4 $14 {1-0 (41) Janssen,R (2498)-Levin,F (2484)
Netherlands 2011}) 18. a6 $1 {This is an important move to prevent a6, because
it would stabilise Black's position.} Bc6 19. Qb4 {Overprotecting the d4-pawn,
to free the knight and make it possible to move it.} Qb6 $1 {Protecting b5 and
pushing the d4-pawn.} 20. Nd2 {The logical move, because the N will be good on
b3.} Rfd8 21. Nb3 e5 (21... Be8 {is also possible, just a waiting move as it
is hard to make progress for both sides.}) 22. d5 Bd7 23. Na5 $1 {An active
move, getting the knight to b7.} Rc7 $1 {And a good reaction, because Black
chooses the strategy of putting the Rs on the c-file.} 24. Nb7 (24. d6 {
seems to be better to prevent Black from playing Rdc8:} Rcc8 25. Nb7 Re8 26.
Reb1) 24... Rdc8 25. h3 {Good move, preventing Ng4.} (25. Nd6 Ng4 $1 26. Rf1
Rc1 $1 $36) 25... Rc3 $1 {Nd6 was threatening and Black neutralises this plan,
because now Nd6 won't be dangerous} 26. Red1 R8c7 $1 {This move may look like
a simple position-improving, waiting move, but it has the point of preventing
Qd6 or Qe7, because of Qd6 Rxb7 or Qe7 Bxh3} (26... Bg4 $5 {is a spectacular
move, but it's likely, that it is hard to make progress after} 27. Rd2 $1 (27.
hxg4 Nxg4 $36 28. Ra2 Rxd3 $1)) 27. Nd6 ({Maybe} 27. Na5 {is more accurate,
when Black should repeat with} R7c5 28. Nb7 Rc7 $11) 27... Nh5 $1 {Now Black
starts to get some initiative.} 28. Nf5 $1 {But White also finds this
important defensive move to close the diagonal of the B.} Nf4 29. Bf1 Rc2 (
29... R7c5 {is also good, as the move played in the game lost a tempo because
of Ne3.}) 30. Ne3 R2c3 31. d6 ({One of the suggestions of the computer is} 31.
Kh2 {and it seems, that it's equal.}) 31... Rc8 32. Ra2 (32. Kh2 {is a bit
more accurate.}) 32... Rxe3 $1 {A brave attacking sacrifice.} 33. fxe3 Qxe3+
34. Rf2 $6 {This move overlooks the next move.} ({In the event of} 34. Kh2 $1
Ne6 {Black would have enough compensation.}) 34... Qg3 $1 35. Rf3 (35. Rxf4
Qxf4 $17) 35... Nxh3+ 36. Kh1 Qg4 $1 {And Black continues the attack. There
was the possibility of a repetition with Nf2.} 37. Bxb5 (37. Qe1 {was better
to hold the position, but Black has a good attack after} Ng5 38. Rg3 Qf4 $40)
37... Bxb5 38. Qxb5 Nf2+ 39. Kh2 {White wants to try a last practical chance,
but Black exploits his advantage accurately.} ({Of course} 39. Rxf2 Qxd1+ 40.
Kh2 Qxd6 41. Qb7 Qc7 $17 {is also winning.}) 39... Nxd1 40. Qxe5 Qh4+ 41. Rh3
Qg5 42. Qxg5 hxg5 43. Rb3 Nf2 44. Rb7 Nxe4 45. d7 Rd8 46. Rxa7 Nc5 47. Rc7 Nxd7
48. a7 Nf8 0-1

[Event "Elgoibar 07th"]
[Site "Elgoibar"]
[Date "1997.11.30"]
[Round "4"]
[White "Gomez Esteban, Juan Mario"]
[Black "Lima, Darcy Gustavo Macha"]
[Result "0-1"]
[WhiteElo "2490"]
[BlackElo "2475"]
[Annotator "Hecht,H"]
[PlyCount "118"]
[EventDate "1997.11.26"]
[EventType "tourn"]
[EventRounds "9"]
[EventCountry "ESP"]
[EventCategory "10"]
[SourceTitle "CBM 063"]
[Source "ChessBase"]
[SourceDate "1998.03.26"]
[SourceVersion "1"]
[SourceVersionDate "1998.03.26"]
[SourceQuality "1"]

1. Nf3 c5 2. c4 Nf6 3. Nc3 Nc6 4. g3 e6 5. Bg2 d5 6. cxd5 Nxd5 7. O-O Be7 8. d4
O-O 9. Nxd5 exd5 10. dxc5 Bxc5 11. Bg5 Qd7 12. Qc2 Bb6 13. Rad1 d4 14. Bf4 Qf5
15. Qxf5 Bxf5 16. Ne5 Nxe5 17. Bxe5 Rad8 18. Bf4 Rfe8 19. Bf3 h6 20. h4 Rd7 21.
Rc1 Be4 22. Kg2 Bd5 23. Bxd5 Rxd5 24. Rc2 g5 25. hxg5 hxg5 26. Bc1 Rde5 27. Kf3
Kg7 28. g4 R8e6 29. b4 Kg6 30. Rd1 f5 31. gxf5+ Kxf5 32. Rg1 Kf6 33. e3 dxe3
34. Bb2 exf2 35. Rf1 Kg6 36. Bxe5 Rxe5 {[#] Die starken schwarzenn Freibauern
garantieren das Remis - und mehr! Schwache weiße Damenflügelbauern. Schwarz
gewinnt durch allmähliches Einsickern seines Königs unter der Assistenz des
Läufers und Nehmen der Damenflügelbauern. Weiß spielt ohne König und ohne den
Tf1.} 37. Kg2 Re4 38. a3 Rg4+ 39. Kf3 Rf4+ 40. Kg3 Kf5 41. Rc8 Ke4 42. Rg8 Be3
43. Rg7 b5 44. Rd7 Bd4 45. Rd8 Ke3 46. Re8+ Kd3 47. Rc8 Ke2 48. Rcc1 Rf3+ 49.
Kg2 Rxa3 50. Rc2+ Kd3 51. Rc8 Rb3 52. Rd8 Ke4 53. Rd1 Bb6 54. Rf8 Rxb4 55. Rd7
Rb1 56. Rdf7 b4 57. Kh3 b3 58. Kg4 Rg1+ 59. Kh5 b2 0-1

[Event "RUS-Cup9"]
[Site "Novgorod"]
[Date "1997.06.19"]
[Round "7"]
[White "Korneev, Oleg"]
[Black "Kharitonov, Andrei Y"]
[Result "1/2-1/2"]
[WhiteElo "2590"]
[BlackElo "2520"]
[Annotator "Hecht,H"]
[PlyCount "91"]
[EventDate "1997.06.11"]
[EventType "swiss"]
[EventRounds "9"]
[EventCountry "RUS"]
[SourceTitle "CBM 060"]
[Source "ChessBase"]
[SourceDate "1997.09.29"]
[SourceVersion "1"]
[SourceVersionDate "1997.09.29"]
[SourceQuality "1"]

1. e4 c6 2. c4 d5 3. exd5 cxd5 4. cxd5 Nf6 5. Nc3 Nxd5 6. Nf3 e6 7. Bc4 Nc6 8.
O-O Be7 9. d4 O-O 10. Re1 a6 11. Bb3 Re8 12. h3 Nf6 13. a3 b5 14. d5 exd5 15.
Nxd5 Be6 16. Nxe7+ Rxe7 17. Qxd8+ Rxd8 18. Bxe6 Rxe6 19. Rxe6 fxe6 20. Be3 Na5
21. Bb6 Nb3 22. Bxd8 Nxa1 23. Ng5 e5 24. Ne6 Nd7 25. Nc7 Nc5 26. Be7 Nd3 27.
Nxa6 Nb3 28. Nc7 Nd4 29. Bd6 Kf7 30. b3 Ne2+ 31. Kf1 Nc3 32. f3 Kf6 33. Bb4
Nxb4 34. axb4 Ke7 35. Ke1 Kd7 36. Kd2 Nb1+ 37. Kc1 Kxc7 38. Kxb1 {[#] Schwarz
hält trotz der Bauernschwäche e5 remis. Zur Bedeutung von blockierten
Doppelbauern wie hier b3/b4: a) Im Falle der Erobererung von b5 durch Weiß und
der Metamorphose des vorderen b-Bauern bleibt noch der Hintermann übrig. b) Im
Falle der Eroberung der b-Bauern durch Schwarz kostet das Schlagen zweier
Bauern ein Tempo mehr.} Kd6 39. Kc2 Ke6 (39... Kd5 40. Kd3 g6 41. h4 Kd6 42.
Ke4 Ke6 43. g3 (43. g4 h5 $11) 43... Kd6 44. g4 Ke6 $11 {[%cal Gg6f5]}) 40. Kd3
Kf5 41. Ke3 g5 42. g3 h6 43. Kd3 h5 44. Ke3 h4 45. Kf2 Kf6 46. g4 1/2-1/2

[Event "EU-Cup 01st final"]
[Site "Solingen"]
[Date "1976.05.08"]
[Round "4.1"]
[White "O'Kelly de Galway, Alberic"]
[Black "Palatnik, Semon"]
[Result "1/2-1/2"]
[WhiteElo "2445"]
[BlackElo "2480"]
[Annotator "Hecht,H"]
[PlyCount "66"]
[EventDate "1976.05.08"]
[EventType "team-match"]
[EventRounds "3"]
[EventCountry "GER"]
[SourceTitle "MCD"]
[Source "ChessBase"]
[SourceDate "1999.07.01"]
[SourceVersion "1"]
[SourceVersionDate "1999.07.01"]
[SourceQuality "1"]
[WhiteTeam "Solingen SG"]
[BlackTeam "Burevestnik"]
[WhiteTeamCountry "GER"]
[BlackTeamCountry "URS"]

{Man gewinnt den Eindruck, als wenn der Tausch des weißen Läufers auf d4 gegen
einen Springer das weiße Spiel erstarren lässt. Immerhin konnte O'Kelly mit a4
drohend a5 noch genügend Initiative entfalten, was den Gegner veranlasst, das
Brett abzuräumen.} 1. c4 c5 2. g3 Nf6 3. Bg2 d5 4. cxd5 Nxd5 5. Nc3 e6 6. Nf3
Nc6 7. O-O Be7 8. d4 O-O 9. Nxd5 exd5 10. dxc5 Bxc5 11. b3 Bf5 12. Bb2 Be4 13.
Rc1 Qe7 14. Qd2 Bb6 15. Rfd1 Rad8 16. e3 Rfe8 17. Bd4 Nxd4 18. Nxd4 h5 19. Qe2
Qe5 20. Qb5 h4 21. a4 Bxg2 22. Kxg2 Qe4+ 23. Kg1 Rc8 24. Qd7 Rxc1 25. Rxc1 Bxd4
26. Rc8 Rxc8 27. Qxc8+ Kh7 28. exd4 f5 29. gxh4 f4 30. Qg4 a5 31. h5 Qe1+ 32.
Kg2 Qe4+ 33. Kh3 Qxd4 1/2-1/2

[Event "Miskolc"]
[Site "Miskolc"]
[Date "2004.03.16"]
[Round "6"]
[White "Prusikin, Michael"]
[Black "Varga, Zoltan"]
[Result "1/2-1/2"]
[WhiteElo "2519"]
[BlackElo "2564"]
[Annotator "Huzman,A"]
[PlyCount "101"]
[EventDate "2004.03.10"]
[EventType "tourn"]
[EventRounds "9"]
[EventCountry "HUN"]
[EventCategory "12"]
[SourceTitle "CBM 100"]
[Source "ChessBase"]
[SourceDate "2004.06.01"]
[SourceVersion "1"]
[SourceVersionDate "2004.06.01"]
[SourceQuality "1"]

1. d4 d5 2. c4 dxc4 3. e3 c5 4. Bxc4 cxd4 5. exd4 Qc7 6. Nd2 e6 7. Ngf3 Nf6 8.
O-O Nc6 9. Qe2 (9. Re1 Be7 10. Ne4 O-O 11. Bg5 Qd8 12. Nc3 a6 13. a3 b5 14. Ba2
Bb7 15. Rc1 b4 16. axb4 Nxb4 $11 {1-0 Tibensky,R-Stajcic,N/Trencin 1995/EXT 97
(28)}) 9... Be7 10. Ne4 Nd5 11. Nc3 Nxc3 12. bxc3 O-O 13. Bd3 Qa5 14. Bd2 Qh5
15. Rab1 a6 16. Rfe1 Bd6 17. h3 f6 18. c4 Kh8 19. c5 Bc7 20. Bc4 Nd8 21. Bb4
Re8 (21... Bd7 $140 $4 22. c6 $18) 22. d5 Bd7 23. Nd4 $2 (23. d6 Bb8 24. Nd4
Qxe2 25. Bxe2 $1 Ba7 26. Bf3 Rc8 27. Nb3 b6 28. Rbc1 $16) 23... Qxe2 24. Rxe2
exd5 (24... Be5 25. Nxe6 Nxe6 26. dxe6 Bxe6 27. Bxe6 Rxe6 28. Bc3 Re7 29. Bxe5
fxe5 30. Reb2 (30. Rbe1 Rae8 31. Re4 g5 $14) 30... Rc7 31. Rxb7 Rxc5 32. Ra7
$16) 25. Rxe8+ Bxe8 26. Bxd5 Be5 27. Nf3 Bc6 (27... Bc7 $5 28. Bd2 Rb8 29. Be3
Nc6 $14 {/=}) 28. Bxc6 Nxc6 29. Nxe5 Nxe5 (29... fxe5 30. Bc3 Rb8 31. Rd1 $16)
30. Bd2 (30. Bc3 $1 Nd7 31. Rxb7 Nxc5 32. Rc7 $14) (30. f4 Nc6 31. Bc3 Nd8 32.
Re1 Nc6 $11) 30... Rb8 31. Be3 (31. Bf4 Kg8 32. c6 b5 33. a4 Kf7 34. axb5 axb5
35. c7 Rc8 36. Bxe5 fxe5 37. Rxb5 Rxc7 38. Rxe5 $14) 31... Kg8 32. Rb6 (32. Bf4
$5 $11) 32... Nc4 33. Rb3 Nxe3 34. Rxe3 Rc8 (34... Kf7 35. g4 Rc8 36. Rb3 Rc7
37. Rb6 $11) 35. Re7 $1 $11 (35. Rb3 Rc7 $1 36. Kf1 Kf7 37. Rb6 Kg6 38. g4 Rxc5
39. Rxb7 Rc2 40. Kg2 Rxa2 41. Ra7 $11) 35... Rxc5 36. Rxb7 Rc1+ 37. Kh2 Rc2 38.
a4 Rc4 39. Ra7 Rxa4 40. g4 Ra3 41. Kg2 h6 42. h4 Ra4 43. Kg3 h5 44. gxh5 Kh7
45. Ra8 a5 46. Kh3 Rf4 47. Rxa5 Rxf2 48. Ra8 Rf1 49. Kg3 Rg1+ 50. Kf4 Rb1 51.
Kg4 1/2-1/2